Statistics for Angel - The Weeknd Lyrics

Click here to take the quiz!

General Stats

  • This quiz has been taken 49 times
  • The average score is 254 of 301

Answer Stats

HintAnswer% Correct
IntroOh,
100%
oh
100%
3x | 4xoh,
100%
a
95%
Verse1Angel,
95%
angel,
95%
I
95%
you,
95%
you
95%
You
95%
Knew
91%
me
91%
All
86%
all
86%
BridgeAnd
86%
and
86%
are
86%
even
86%
find
86%
from
86%
hope
86%
know
86%
moment
86%
saw
86%
see,
86%
see
86%
so
86%
3xsomebody
86%
somebody,
86%
the
86%
though
86%
We
86%
we
86%
were
86%
we're
86%
wings,
86%
wings
86%
yeah
86%
yeah,
86%
Yeah,
86%
bring
82%
'Cause
82%
Dangerously
82%
dangerously
82%
empty
82%
for
82%
inside
82%
life
82%
light
82%
light,
82%
live,
82%
live
82%
love
82%
ooh,
82%
special
82%
time
82%
to
82%
woah
82%
your
82%
baby
77%
back
77%
can
77%
if
77%
meant
77%
never
77%
no
77%
probably
77%
Verse2Said
77%
said
77%
seem
77%
take
77%
this,
77%
this
77%
always
73%
am
73%
but
73%
call
73%
every
73%
not
73%
tell
73%
what
73%
will
73%
you'll
73%
emotions
68%
emotions,
68%
feel
68%
sin,
68%
sin
68%
closer
64%
I'm
64%
These
64%
born
59%
feeling
59%
wanna
50%
desensitized
45%
man
45%
Maybe
45%
aw
41%

Score Distribution

Percentile by Number Answered

Percent of People with Each Score

Your Score History

You have not taken this quiz